000 00450nam a2200169Ia 4500
005 20260305130308.0
022 _a0794-6759
050 _aTP 1 .J73/
245 0 _aJournal of the Nigerian Society of Chemical Engineers
250 _aVol. 39, No. 3
260 _aLagos
260 _bNigerian Society of Chemical Engineers
260 _c2025
300 _a103 p. : ill. ; 30 cm.
650 _aChemical engineering--Periodicals.
942 _cSR
_2lcc
999 _c44096
_d44096